| 000 | 00518nam a22001577a 4500 | ||
|---|---|---|---|
| 003 | OSt | ||
| 008 | 150615b xxu||||| |||| 00| 0 eng d | ||
| 100 | 1 | _aCherrystone Philatelic Auctioneers | |
| 041 | _aeng | ||
| 245 | 1 | 0 | _aThe Vladivostok collection, Russia, offered on behalf of a gentleman |
| 246 | 1 | 0 | _aSeptember 22-23, 2009 |
| 260 | _bCherrystone Philatelic Auctioneers | ||
| 300 | _a0 pages | ||
| 650 | 0 | _aUnion of Soviet Socialist Republics (1917-1991) -- Auction catalogs | |
| 650 | 0 | _aRussia -- Auction catalogs | |
| 999 |
_c1569 _d1569 |
||